Diccionario francés-español y español-francés / (Record no. 127130)

MARC details
000 -LEADER
campo de control de longitud fija 00774nam a2200229 4500
001 - NÚMERO DE CONTROL
campo de control 127130
003 - IDENTIFICADOR DE NÚMERO DE CONTROL
campo de control ES-MaACL
005 - FECHA Y HORA DE LA ÚLTIMA TRANSACCIÓN
campo de control 20251015063127.0
007 - CAMPO FIJO DE DESCRIPCIÓN FÍSICA--INFORMACIÓN GENERAL
campo de control de longitud fija t|
008 - DATOS DE LONGITUD FIJA--INFORMACIÓN GENERAL
campo de control de longitud fija 070214s1961 sp r ||||1| spa d
080 ## - NÚMERO DE LA CLASIFICACIÓN DECIMAL UNIVERSAL
Número de la Clasificación Decimal Universal (038)=133.1=134.2
100 ## - ENTRADA PRINCIPAL--NOMBRE DE PERSONA
Nombre de persona Reyes, Rafael,
Fechas asociadas al nombre 1879-1947
9 (RLIN) 193680
245 10 - MENCIÓN DEL TÍTULO
Título Diccionario francés-español y español-francés /
Mención de responsabilidad, etc. Rafael Reyes.
250 ## - MENCION DE EDICION
Mención de edición 29ª ed.
260 ## - PUBLICACIÓN, DISTRIBUCIÓN, ETC.
Lugar de publicación, distribución, etc. Madrid :
Nombre del editor, distribuidor, etc. Reyes,
Fecha de publicación, distribución, etc. 1961.
300 ## - DESCRIPCIÓN FÍSICA
Extensión 1600 p. ;
Dimensiones 17 cm.
650 #4 - PUNTO DE ACCESO ADICIONAL DE MATERIA--TÉRMINO DE MATERIA
Término de materia o nombre geográfico como elemento de entrada Lengua francesa-
Subdivisión de forma Diccionarios-
Subdivisión general Español.
9 (RLIN) 14213
650 #4 - PUNTO DE ACCESO ADICIONAL DE MATERIA--TÉRMINO DE MATERIA
Término de materia o nombre geográfico como elemento de entrada Lengua española-
Subdivisión de forma Diccionarios-
Subdivisión general Francés.
9 (RLIN) 14145
852 4# - LOCALIZACIÓN
Ubicación ES-MaACL
Número de control de estantería A-5448
Encuadernación Expurgado en 2022: ejemplar deteriorado; ejemplar falto de paginas.
942 ## - ELEMENTOS DE ENTRADA SECUNDARIOS (KOHA)
Fuente del sistema de clasificación o colocación Clasificación decimal universal
Tipo de ítem Koha Libro impreso
Suprimir en OPAC No
Holdings
Estatus retirado Estado de pérdida Fuente del sistema de clasificación o colocación Estado de daño No para préstamo Colección Biblioteca de origen Biblioteca actual Ubicación en estantería Fecha de adquisición Total de préstamos Signatura topográfica completa Código de barras Visto por última vez Precio de reemplazo Tipo de ítem Koha
    Clasificación decimal universal     Colección de referencia Biblioteca del Ateneo de Madrid Biblioteca del Ateneo de Madrid Depósito J 17/01/2008   A-5448 1132413 23/02/2023 23/02/2023 Libro impreso